| 000 | 00474nam a2200157Ia 4500 | ||
|---|---|---|---|
| 003 | GCL | ||
| 005 | 20240530105326.0 | ||
| 008 | 140319s9999 xx 000 0 ara d | ||
| 040 |
_aGCL / _cGCL |
||
| 082 | 0 | 4 |
_a345 _bع ق |
| 100 | 0 | _aعبدالمهيمن بكر | |
| 245 | 1 | 2 |
_aالقسم الخاص فى قانون العقوبات / _cعبدالمهيمن بكر |
| 260 |
_a[S.N] : _bدار النهضة العربية ، _c1977 |
||
| 300 | _a944 ص | ||
| 942 |
_2ddc _cBK |
||
| 999 |
_c54946 _d54946 |
||